World Capitals Closest to each Asian Capital - Three Minute Sprint - Statistics

General Stats
  • This quiz has been taken 20 times
  • The average score is 23 of 49
Answer Stats
Capital Nearest Capital % Correct
Amman Jerusalem
87%
Abu Dhabi Doha
80%
Beirut Damascus
67%
Ankara Nicosia
67%
Beijing Pyongyang
67%
Jerusalem Amman
60%
Doha Manama
60%
Baku Tbilisi
60%
Damascus Beirut
53%
Astana Bishkek
53%
Colombo Malé
53%
Pyongyang Seoul
53%
Kuala Lumpur Singapore
53%
Manila Taipei
53%
Dhaka Thimphu
53%
Muscat Abu Dhabi
47%
Dili Bandar Seri Begawan
47%
Malé Colombo
47%
Manama Doha
47%
Kabul Islamabad
47%
Ramallah Jerusalem
47%
Islamabad Kabul
47%
Singapore Kuala Lumpur
47%
Baghdad Kuwait City
47%
Kuwait City Manama
47%
Bandar Seri Begawan Manila
47%
Taipei Manila
47%
Seoul Pyongyang
47%
Tokyo Seoul
47%
Jakarta Singapore
47%
Ashgabat Tehran
47%
Kathmandu Thimphu
47%
Bangkok Vientiane
47%
Hanoi Vientiane
47%
Ulaanbaatar Beijing
40%
Sana'a Djibouti
40%
Riyadh Manama
40%
Bishkek Tashkent
40%
Dushanbe Tashkent
40%
Tbilisi Yerevan
40%
Tehran Baku
33%
Nicosia Beirut
33%
Thimphu Dhaka
33%
Phnom Penh Bangkok
27%
Tashkent Dushanbe
27%
Vientiane Hanoi
27%
New Delhi Islamabad
27%
Yerevan Tbilisi
27%
Naypyidaw Vientiane
27%
No matching quizzes found
Score Distribution
Percent of People with Each Score
Percentile by Number Answered
Your Score History
You have not taken this quiz